1056 1629 1328 1692 1156 1972 1969 1623 1264 1028 1061 1400 1603 1535 1985 1131 1993 1075 1291 1322 1594 1852 1278 1723 1248 1776 1790 1448 1263 1052 1367 1288 1945 1680 1131 1683 1295 1288 1009 1116 1762 1567 1068 1946 2000 1579 1181 1726 1231 1360 1408 1088 1578 1276 1388 1845 1285 1702 1428 1685 1645 1794 1131 1952 1927 1726 1355 1036 1192 1520 1706 1731 1777 1344 1079 1633 1293 1550 1947 1788 1813 1207 1329 1100 1556 1101 1986 1252 1265 1968 1627 1068 1026 1346 1120 1847 1648 1101 1297 BCNSPRNW ULIB Ver.6.0+V

เปลี่ยนเป็นภาษาไทย

Change to English
 แสดงรายละเอียดบรรณานุกรม
  กลับหน้าหลัก

Brief Record : Get Marc (ISO 2709) : E-mail record : QR code < ปิดหน้าต่าง
LEADER : 00000nam 2200000uu 4500
001    13399124449
003     ULIB
008    150722s2557||||th 000 0 tha d
020    ^a9789744667434
060 04 ^aWF140^bด147ก
100 0  ^aดลรวี (นัฏฐกาล) ลีลารุ่งระยับ
245 10 ^aกายภาพบำบัดทรวงอกทางคลินิก =^bClinical chest physiotherapy /^cดลรวี ลีลารุ่งระยับ
246 31 ^aClinical chest physiotherapy.
250    ^aพิมพ์ครั้งที่ 3 (ฉบับปรับปรุง)
260    ^a[เชียงใหม่ :^bภาควิชากายภาพบำบัด คณะเทคนิคการแพทย์ มหาวิทยาลัยเชียงใหม่],^c2557.
300    ^a295, [7] หน้า :^bภาพประกอบ ;^c26 ซม.
650  4 ^aทางเดินอากาศหายใจ, โรค^xการฟื้นฟูสมรรถภาพ
650  4 ^aทรวงอก, โรค^xการบันทึกภาพด้วยรังสี
650  4 ^aทางเดินอากาศหายใจ, โรค^xการรักษา
650  4 ^aทางเดินอากาศหายใจ, โรค^xการวินิจฉัย
710 2  ^aมหาวิทยาลัยเชียงใหม่.^bคณเทคนิคการแพทย์.^bภาควิชากายภาพบำบัด
945    ^p200^l0^i039656
945    ^p200^l0^i039657
945    ^p200^l0^i039658
945    ^p200^l0^i039659
999    ^aเกษร โพธิ์สุวรรณ
รายการนี้ยังไม่มีแท็ก
คุณยังไม่ได้ล็อกอิน คุณสามารถมีกิจกรรมร่วมกับเว็บไซต์ได้ แต่ต้องล็อกอินก่อน ::
  ล็อกอิน

รายการสื่อสารสนเทศ

ลำดับที่ ประเภท เลขเรียก/บาร์โค้ด สถานที่ สถานะ
1. วิทยาศาสตร์การแพทย์ และสุขภาพ
วิทยาศาสตร์การแพทย์ และสุขภาพ
สถานะ=หนังสือเก่า
WF140 ด147ก ฉ.1 
  Barcode: 039656
ห้องสมุดวิทยาเขตสวรรค์ประชารักษ์
►ส่วนจัดเก็บหนังสือเก่า สปร
บนชั้น
  ขอยืม
2. วิทยาศาสตร์การแพทย์ และสุขภาพ
วิทยาศาสตร์การแพทย์ และสุขภาพ
สถานะ=หนังสือเก่า
WF140 ด147ก ฉ.2 
  Barcode: 039657
ห้องสมุดวิทยาเขตสวรรค์ประชารักษ์
►ส่วนจัดเก็บหนังสือเก่า สปร
บนชั้น
  ขอยืม
3. วิทยาศาสตร์การแพทย์ และสุขภาพ
วิทยาศาสตร์การแพทย์ และสุขภาพ
สถานะ=หนังสือเก่า
WF140 ด147ก ฉ.3 
  Barcode: 039658
ห้องสมุดวิทยาเขตสวรรค์ประชารักษ์
►ส่วนจัดเก็บหนังสือเก่า สปร
บนชั้น
  ขอยืม
4. วิทยาศาสตร์การแพทย์ และสุขภาพ
วิทยาศาสตร์การแพทย์ และสุขภาพ
สถานะ=หนังสือเก่า
WF140 ด147ก ฉ.4 
  Barcode: 039659
ห้องสมุดวิทยาเขตสวรรค์ประชารักษ์
►ส่วนจัดเก็บหนังสือเก่า สปร
บนชั้น
  ขอยืม

รายการใกล้เคียง
    ผู้แต่ง [ดลรวี (นัฏฐกาล) ลีลารุ่งระยับ]

BibComment


ยังไม่เคยถูกคอมเมนท์

คอมเมนท์ทรัพยากรรายการนี้
  คอมเมนท์: กายภาพบำบัดทรวงอ..


 Copyright 2026. Bcnsprnw @Library